000 00844nam a22002177a 4500
003 OSt
005 20260128093710.0
008 230412b ||||| |||| 00| 0 eng d
040 _cOst
041 _ashan
082 _a294.3823
245 _aမင်ႇၵလႃႇသုတ်ႈပိၼ်ႇတႆးလႄႈတီႈပွင်ႇမၼ်းဢိၵ်ႇလူၺ်ႇလွင်ႈတူဝ်ပႃႇလိတႆး။
_cၸဝ်ႈၼၼ်ႇတဝမ်ႇသႃႇၽိပႃႇလ ပိၼ်ႇတႅမ်ႈ-
260 _c2000
300 _aတ၊ 262 ၼႃႈ
_c19 ၸိၼ်ႇထီႇ
500 _a S-SAT: Dr. Prof Sai Aung Tun
504 _aပႃးသဵၼ်ႈၽိုၼ်ဢိင်
650 _aသုတ်ႉတၼ်ႇတ
_922892
942 _cBK
942 _2ddc
942 _2ddc
999 _c23867
_d23867